00533nam a22001577a 450000500170000001000150001702000230003203500140005503700090006908200140007810000330009224501050012526000430023027000810027330000210035420260318123807.0 aENG-147929 a9789394604353c415 aEN-131461 bDBAD a181.4321 aSaraswati , Swami Satyananda aDharana for Everyone;bOverview and Practice Capsules/cEd. Swami Yogatirthananda SaraswatihEnglish aBiharbYoga Publications Trust, c2023 bBiharaYoga Publications Trust , Ganga Darshan, Munger, Bihar, Indiae811201 a124 pbk. c22 cm